000 00680nam a2200205 a 4500
001 000036351
005 20200930075702.0
008 120113s1996 mx 000 p spa d
020 _a9682987725
040 _aDO-SdBNP
_bspa
_cBNPHU
082 _axxx
_bC828a
100 1 _aCortés Bargalló, Luis,
_d1952-
_962530
245 1 0 _aAl margen indomable /
_cLuis Cortés Bargalló.
260 _aMéxico, D.F. :
_bConsejo Nacional para la Cultura y las Artes,
_c1996.
300 _a93 p. ;
_c21 cm.
490 1 _aPráctica mortal
500 _aIncluye datos biográficos del autor en la solapa de la cubierta.
590 _aInventariado, 2019/ YL
830 0 _aPráctica mortal
_914623
999 _c35842
_d35842